000 00450nam a22001577a 4500
008 150520b xxu||||| |||| 00| 0 eng d
020 _a0442019211
080 _a628.92
100 _aAnder, Gregg D.
245 0 0 _aDaylighting performance and design /
260 _aNew York :
_bVan Nostrand Reinhold,
_cc1995.
300 _a241 f. :
_bme il. ;
_c29 cm.
650 0 _aNdriçimditë
650 0 _aDizajn arkitektonikë
942 _2ddc
_cBK
999 _c854
_d854